[Event "Sochi City Park op"]
[Site "Sochi"]
[Date "2022.09.19"]
[Round "5"]
[White "Kirdyashkina, Ekaterina"]
[Black "Zakaryan, Bogdan"]
[Result "1-0"]
[WhiteElo "1817"]
[BlackElo "1089"]
[PlyCount "39"]
[EventDate "2022.09.15"]
[EventType "swiss"]
[EventRounds "9"]
[EventCountry "RUS"]
[SourceTitle "EXT 2023"]
[Source "ChessBase"]
[SourceDate "2022.10.05"]
[SourceVersion "1"]
[SourceVersionDate "2022.10.05"]
[SourceQuality "1"]

1. e4 c5 2. Nf3 d6 3. c3 Nf6 4. Be2 Nc6 5. d4 cxd4 6. cxd4 Nxe4 7. d5 Qa5+ 8. Nc3 Nxc3 9. bxc3 Nb8 10. 0-0 g6 11. Qd4 f6 12. Rb1 Bg7 13. Bb5+ Kf7 14. Re1 a6 15. Ng5+ Kf8 16. Rxe7 Kxe7 17. Qe4+ Kd8 18. Nf7+ Kc7 19. Qe7+ Kb6 20. Be3# 1-0

[Event "Sochi City Park op"]
[Site "Sochi"]
[Date "2022.09.17"]
[Round "3"]
[White "Mokshanov, Igor"]
[Black "Zakaryan, Bogdan"]
[Result "0-1"]
[WhiteElo "1877"]
[BlackElo "1089"]
[PlyCount "82"]
[EventDate "2022.09.15"]
[EventType "swiss"]
[EventRounds "9"]
[EventCountry "RUS"]
[SourceTitle "EXT 2023"]
[Source "ChessBase"]
[SourceDate "2022.10.05"]
[SourceVersion "1"]
[SourceVersionDate "2022.10.05"]
[SourceQuality "1"]

1. e4 c5 2. Nf3 Nc6 3. Bb5 d6 4. Bxc6+ bxc6 5. 0-0 e6 6. c3 Nf6 7. e5 Nd5 8. exd6 Bxd6 9. d3 0-0 10. Bg5 f6 11. Bh4 e5 12. h3 Qe8 13. Bg3 Qg6 14. Re1 Be6 15. d4 cxd4 16. cxd4 Bb4 17. Re2 e4 18. Nh4 Qh5 19. Qc2 e3 20. fxe3 Bf7 21. Nf3 Nb6 22. a3 Be7 23. Nbd2 Rac8 24. b4 Bg6 25. Qb3+ Kh8 26. Rc1 Rfd8 27. Ree1 Bd6 28. Bxd6 Rxd6 29. Nb1 Nd5 30. b5 h6 31. Rc5 Be4 32. Nbd2 Qe8 33. Nxe4 Qxe4 34. Nd2 Qe8 35. Nc4 Re6 36. a4 cxb5 37. Rxb5 Nf4 38. Rf5 Nxg2 39. Ref1 Nxe3 40. Nxe3 Rxe3 41. Qb7 Qd8 0-1